Hevea latex production, relationship with tree growth, influence of clonal origin and Ethrel stimulation (Record no. 60330)
[ view plain ]
| 000 -LEADER | |
|---|---|
| fixed length control field | 02312nam a2200253Ia 4500 |
| 100 ## - MAIN ENTRY--AUTHOR NAME | |
| Personal name | Gohet E |
| 245 #0 - TITLE STATEMENT | |
| Title | Hevea latex production, relationship with tree growth, influence of clonal origin and Ethrel stimulation |
| 260 ## - PUBLICATION, DISTRIBUTION, ETC. (IMPRINT) | |
| Name of publisher | IRRDB symposium on physiological and molecular aspects of the breeding of Hevea brasiliensis 6-7 November 1995 |
| Year of publication | 1995 |
| 300 ## - PHYSICAL DESCRIPTION | |
| Number of Pages | 200-210 |
| 520 ## - SUMMARY, ETC. | |
| Summary, etc | The growth of Hevea brasiliensis, reflected by the primary biomass formation, competes directly with latex production which corresponds to secondary biomass synthesis. Five clones with very different growth and yield characteriatics were studied as follows : AF 261, AVROS 2037, PB 217, GT1 and PB 235. Several groups of each clone were compared, namely unopened trees, exploited but unstimulated trees and finally exploited trees with the same tapping intensity but with increasing Ethrel stimulation. The results show that the respective primarry and secondary biomass products lead to a linear regression which reflects the competition between the two synthetic functions ; the repartition coefficient between these functions is dependent on the clone and its physiological characteristics. Beyond a cerrtain stimulation intensity, if growth continues to decrease then latex yield also decreases due to disfnctioning of the laticigenous function. The critical level of stimulation is clone dependant. For these five clones, the latex sucrose content and latex |
| 650 ## - SUBJECT ADDED ENTRY--TOPICAL TERM | |
| Topical Term | Growth |
| 650 ## - SUBJECT ADDED ENTRY--TOPICAL TERM | |
| Topical Term | Hevea brasiliensis |
| 650 ## - SUBJECT ADDED ENTRY--TOPICAL TERM | |
| Topical Term | Inorganic phosphorus content |
| 650 ## - SUBJECT ADDED ENTRY--TOPICAL TERM | |
| Topical Term | Latex |
| 650 ## - SUBJECT ADDED ENTRY--TOPICAL TERM | |
| Topical Term | Latex production |
| 650 ## - SUBJECT ADDED ENTRY--TOPICAL TERM | |
| Topical Term | Stimulation |
| 650 ## - SUBJECT ADDED ENTRY--TOPICAL TERM | |
| Topical Term | Sugar content |
| 700 ## - ADDED ENTRY--PERSONAL NAME | |
| Personal name | Clement A |
| 700 ## - ADDED ENTRY--PERSONAL NAME | |
| Personal name | Eschbach J M |
| 700 ## - ADDED ENTRY--PERSONAL NAME | |
| Personal name | Jacob J-L |
| 700 ## - ADDED ENTRY--PERSONAL NAME | |
| Personal name | Prevot J-C |
| 942 ## - ADDED ENTRY ELEMENTS (KOHA) | |
| Koha item type | Journals |
| 520 ## - SUMMARY, ETC. | |
| -- | Pi content of each group of trees were studied. It appears that the capability of the tree to react with efficiency to stimulation intensity is tightly linked with available sugar in the laticifers ; the latex sugar content is a clonal characteristic in relation to laticifer matabolic activity. Latex |
| -- | i content effectively reflects the matabolic activity level related to yield. Results are discussed in terms of clonal typology, exploitation level and improvement strategy. |
| Withdrawn status | Lost status | Damaged status | Not for loan | Home library | Current library | Shelving location | Date acquired | Koha item type |
|---|---|---|---|---|---|---|---|---|
| Journals | RRII Library | RRII Library | Physiology | 17/12/2021 | Journals |